Lublaňská deklarace o územní dimenzi udržitelného rozvoje:

Saved in:
Bibliographic Details
Other Authors: Bína, Jan (Translator)
Format: Book
Language:Czech
Published: Brno: Ministerstvo pro místní rozvoj, 2004
Edition:1. vyd.
Subjects:
Tags: Add Tag
No Tags, Be the first to tag this record!

MARC

LEADER 00000nam a22000003a 4500
001 0024652
003 SK-STU
005 20170620140545.3
007 ta
008 170620s ----xo-----e------000-0-----d
040 |a STU  |b slo 
041 0 |a cze  |h cze 
044 |a xr 
100 1 |a Bína, Jan  |4 trl  |r Z6 
245 1 0 |a Lublaňská deklarace o územní dimenzi udržitelného rozvoje:  |c Evropská konference ministrů zodpovědných za územní plánování (CEMAT) 
250 |a 1. vyd. 
260 |a Brno:  |b Ministerstvo pro místní rozvoj,  |c 2004 
300 |a 81 s. 
650 0 7 |a Európska únia 
996 |b 284V040561  |c V* 9389/K-2469  |l VVT  |s A  |a 24  |w 0024652_0001